Filme erraten mit Bildern - Buchstabe H - Statistiken

Allgemein
  • Dieses Quiz wurde 337 mal gespielt
  • Das Durchschnittsergebnis liegt bei 7 aus 16
Antwortstatistiken
Bildquiz Antwort % Korrekt
Hulk
98%
Harry Potter und der Stein der Weisen
97%
Hangover
85%
Happy Death Day
75%
Hellboy
71%
Happy Feet
63%
Hancock
53%
Hellraiser
26%
Hexen hexen
25%
Hello, Dolly
24%
Hocus Pocus 2
21%
Hairspray
16%
Herr der Fliegen
13%
Die Hochzeit meines besten Freundes
10%
Haus der 1000 Leichen
9%
Heathers
9%
Keine übereinstimmenden Quizze gefunden
Verteilung der Resultate
Anzahl Personen mit jedem Resultat
Perzentil nach korrekt beantworteten Fragen
Ihre Resultats-Entwicklung
Sie haben dieses Quiz noch nicht gespielt